| 000 | 00457 a2200145 4500 | ||
|---|---|---|---|
| 005 | 20250619153250.0 | ||
| 020 | _a 978 1 84146 977 5 | ||
| 082 | _a301 HAL | ||
| 245 | _aAs-Level Sociology: The Revision Guide. | ||
| 260 |
_aNewcastle, _bElanders Hindson Ltd, _c2004. |
||
| 300 |
_a125p.: ill.; figure. _bGlossary, Index & References. _c29cm |
||
| 700 | _aHALLAM, G. & REED, K. | ||
| 856 |
_yAccess Online Book _fSociology _dwww.cgpbooks.com.uk. |
||
| 942 |
_2ddc _cBKS |
||
| 999 |
_c300 _d300 |
||